Statistics for Pennsylvania Pro Sports Teams

Click here to take the quiz!

General Stats

  • This quiz has been taken 35 times
  • The average score is 7 of 7

Answer Stats

Answer% Correct
Philadelphia 76ers
97%
Philadelphia Eagles
97%
Philadelphia Flyers
94%
Philadelphia Phillies
94%
Pittsburgh Pirates
94%
Pittsburgh Steelers
94%
Pittsburgh Penguins
91%

Score Distribution

Percentile by Number Answered

Percent of People with Each Score

Your Score History

You have not taken this quiz